Les Pokémons de type plante jusqu'à la 6G - Statistiques

Statistiques générales
  • Ce quiz a été pris 1 267 fois
    1 234 depuis la dernière actualisation
  • Le résultat moyen est 66 sur 86
Statistiques - réponses
Num Réponse % Correct
1 Bulbizarre
99%
3 Florizarre
99%
2 Herbizarre
99%
252 Arcko
96%
152 Germignon
96%
70 Boustiflor
95%
69 Chétiflor
95%
254 Jungko
95%
43 Mystherbe
95%
44 Ortide
95%
45 Rafflesia
95%
71 Empiflor
94%
153 Macronium
94%
253 Massko
94%
154 Méganium
94%
387 Tortipouss
94%
389 Torterra
93%
388 Boskara
91%
495 Vipélierre
91%
497 Majaspic
89%
496 Lianaja
87%
182 Joliflor
85%
650 Marisson
85%
652 Blindépique
84%
251 Célebi
83%
315 Rosélia
83%
407 Roserade
83%
273 Grainipiot
82%
271 Lombre
82%
272 Ludicolo
82%
270 Nénupiot
82%
274 Pifeuil
82%
275 Tengalice
82%
406 Rozbouton
81%
114 Saquedeneu
81%
103 Noadkoko
80%
102 Noeunoeuf
80%
651 Boguérisse
79%
189 Cotovol
79%
46 Paras
79%
47 Parasect
79%
511 Feuillajou
78%
188 Floravol
78%
470 Phyllali
78%
187 Granivol
77%
492 Shaymin
77%
493 Arceus
76%
640 Viridium
76%
465 Bouldeneu
75%
512 Feuiloutan
75%
542 Manternel
73%
357 Tropius
73%
420 Ceribou
72%
421 Ceriflor
72%
285 Balignon
71%
286 Chapignon
71%
541 Couverdure
71%
192 Héliatronc
71%
540 Larveyette
70%
191 Tournegrin
68%
709 Desséliande
67%
710 Pitrouille
67%
673 Chevroum
66%
546 Doudouvet
66%
547 Farfaduvet
66%
708 Brocélôme
65%
332 Cacturne
65%
549 Fragilady
65%
331 Cacnea
64%
455 Vortente
64%
711 Banshitrouye
63%
672 Cabriolaine
63%
597 Grindur
63%
586 Haydaim
63%
598 Noacier
63%
585 Vivaldaim
63%
345 Lilia
62%
460 Blizzaroi
61%
459 Blizzi
61%
548 Chlorobulle
60%
556 Maracachi
60%
346 Vacilys
60%
413 Cheniselle
57%
479 Motisma
56%
591 Gaulet
53%
590 Trompignon
53%
Aucun quiz correspondant
Distribution des résultats
% des personnes avec chaque résultat
Percentile par nombre de réponses
Votre historique - résultats
Vous n’avez pas pris ce quiz depuis la dernière actualisation